000 00506nam a2200193 a 4500
001 1759829359947
003 YourLibrary
005 20251007151347.0
008 251007s2003##################000#0#eng##
020 _a9780750654128
082 0 4 _a179.7
_bMIF
100 1 _aMifflin, Pauline,
_eauthor.
245 1 0 _aSaving Very Premature Babies :
260 _bBooks for Midwives Press,
_c2003.
300 _a246 pages
650 0 _aMedical.
942 _cENGLISH
040 _aYourLibrary
_beng
_cYourLibrary
999 _c591204
_d591204